|
|
|
|
| LEADER |
00000nam a2200000Ii 4500 |
| 001 |
DIGUANDES619 |
| 003 |
NyNyDIG |
| 008 |
230406s2022 ck o ob 000 0 spa d |
| 006 |
m o d |
| 007 |
cr ||||||||||| |
| 035 |
|
|
|a (OCoLC)1377520732
|
| 040 |
|
|
|a DGITA
|b eng
|e rda
|e pn
|c DGITA
|
| 020 |
|
|
|a 9789587981971
|q eBook
|
| 020 |
|
|
|a 9789587981988
|q ePub
|
| 020 |
|
|
|z 9789587981964
|
| 043 |
|
|
|a cl-----
|
| 050 |
1 |
4 |
|a HD9999.C9473 ebook
|
| 245 |
0 |
0 |
|a Industrias creativas :
|b innovación y emprendimiento de mujeres en América Latina /
|c Sandra Sánchez López, José Carlos Vázquez Parra, Jimena Zuluaga Trujillo (compilación).
|
| 264 |
|
1 |
|a Bogotá D.C., Colombia :
|b Ediciones Uniandes ;
|a Monterrey, Nuevo León, México :
|b Tecnológico de Monterrey,
|c [2022]
|
| 300 |
|
|
|a 1 online resource :
|b photographs.
|
| 336 |
|
|
|a text
|b txt
|2 rdacontent
|
| 337 |
|
|
|a computer
|b c
|2 rdamedia
|
| 338 |
|
|
|a online resource
|b cr
|2 rdacarrier
|
| 347 |
|
|
|a text file
|2 rdaft
|
| 347 |
|
|
|b EPUB
|
| 504 |
|
|
|a Includes bibliographical references.
|
| 588 |
0 |
|
|a Online resource; title from ePub title page (Digitalia, viewed April 6, 2023)
|
| 650 |
|
0 |
|a Cultural industries
|z Latin America.
|
| 650 |
|
0 |
|a Businesswomen
|z Latin America.
|
| 650 |
|
0 |
|a Women and the arts
|z Latin America.
|
| 700 |
1 |
|
|a Sánchez, Sandra,
|q (Sánchez López),
|e contributor agent of text.
|
| 700 |
1 |
|
|a Vázquez Parra, José Carlos,
|e contributor agent of text.
|
| 700 |
1 |
|
|a Zuluaga Trujillo, Jimena,
|e contributor agent of text.
|
| 791 |
2 |
|
|a Digitalia (Firm),
|e distributor.
|
| 793 |
0 |
|
|g Digitalia eBook Collection:
|a Universidad de los Andes
|
| 776 |
0 |
8 |
|i Print version:
|t Industrias creativas.
|b Primera edición.
|d Bogotá D.C., Colombia : Ediciones Uniandes ; Monterrey, Nuevo León, México : Tecnológico de Monterrey, [2022]
|z 9789587981964
|
| 856 |
4 |
0 |
|3 Digitalia Hispánica
|u https://www.digitaliapublishing.com/a/126248/
|
| 910 |
|
|
|a Premium collection: 2023
|